| 000 | 01227cam a2200337 i 4500 | ||
|---|---|---|---|
| 999 |
_c233501 _d233501 |
||
| 001 | 2216689 | ||
| 003 | Nust | ||
| 005 | 20170308121622.0 | ||
| 008 | 760616r1977 nyu 000 0 eng | ||
| 010 | _a 75025351 | ||
| 020 | _a9780099286851 | ||
| 040 |
_aDLC _cDLC _dDLC |
||
| 050 | 0 | 0 |
_aPR6025.A86 _bC4 1977 |
| 082 | 0 | 0 |
_a823.912 _bMAU |
| 100 | 1 |
_aMaugham, W. Somerset _q(William Somerset), _d1874-1965. |
|
| 245 | 1 | 0 |
_aChristmas holiday / _cW. Somerset Maugham. |
| 260 |
_aNew York : _bArno Press, _c1939. |
||
| 300 |
_a250 p. ; _c22 cm. |
||
| 490 | 1 | _aThe works of W. Somerset Maugham | |
| 500 | _aReprint of the 1st ed. published by Doubleday, Doran, Garden City, N.Y., with a new introd. | ||
| 650 | 0 |
_aBritish _zFrance _xFiction. |
|
| 650 | 0 |
_aBritish _zFrench Guiana _xFiction. |
|
| 650 | 0 |
_aYoung men _xFiction. |
|
| 650 | 0 |
_aCriminals _xFiction. |
|
| 651 | 0 |
_aDevil's Island (French Guiana) _xFiction. |
|
| 651 | 0 |
_aParis (France) _xFiction. |
|
| 655 | 7 |
_aAdventure stories. _2gsafd |
|
| 655 | 7 |
_aBildungsromane. _2gsafd |
|
| 800 | 1 |
_aMaugham, W. Somerset _q(William Somerset), _d1874-1965. _tWorks. _f1977. |
|
| 906 |
_a7 _bcbc _corignew _d1 _eocip _f19 _gy-gencatlg |
||
| 942 |
_2ddc _cBK |
||